Cours d'analyse de l'École Polytechnique / (Record no. 148675)

MARC details
000 -LEADER
campo de control de longitud fija 00780nam a2200205 4500
001 - NÚMERO DE CONTROL
campo de control 148675
003 - IDENTIFICADOR DE NÚMERO DE CONTROL
campo de control ES-MaACL
005 - FECHA Y HORA DE LA ÚLTIMA TRANSACCIÓN
campo de control 20230906202747.0
007 - CAMPO FIJO DE DESCRIPCIÓN FÍSICA--INFORMACIÓN GENERAL
campo de control de longitud fija t|
008 - DATOS DE LONGITUD FIJA--INFORMACIÓN GENERAL
campo de control de longitud fija 070214s1905 fr r ||||1| fre d
100 1# - ENTRADA PRINCIPAL--NOMBRE DE PERSONA
Nombre de persona Sturm, Ch.
9 (RLIN) 108514
245 10 - MENCIÓN DEL TÍTULO
Título Cours d'analyse de l'École Polytechnique /
Mención de responsabilidad, etc. par Ch. Sturm ; revu et corrigé par E. Prouhet ; et augmenté de la theorie élémentaire des fonctions eliptiques par H. Laurent.
250 ## - MENCION DE EDICION
Mención de edición 13ème éd.
Resto de la mención de edición rev. et mise au courant du nouveau programe de la licence par A. de Saint-Germain.
260 ## - PUBLICACIÓN, DISTRIBUCIÓN, ETC.
Lugar de publicación, distribución, etc. Paris :
Nombre del editor, distribuidor, etc. Gauthier-Villars,
Fecha de publicación, distribución, etc. 1905.
300 ## - DESCRIPCIÓN FÍSICA
Extensión 2 v. :
Otras características físicas il. ;
Dimensiones 22 cm.
700 1# - ENTRADA AGREGADA--NOMBRE PERSONAL
Nombre de persona Prouhet, E.
9 (RLIN) 94054
700 1# - ENTRADA AGREGADA--NOMBRE PERSONAL
Nombre de persona Laurent, H.
9 (RLIN) 70629
700 1# - ENTRADA AGREGADA--NOMBRE PERSONAL
Nombre de persona Saint-Germain, A. de.
9 (RLIN) 101524
852 ## - LOCALIZACIÓN
Ubicación ES-MaACL
Número de control de estantería F-4023-24
Holdings
Estatus retirado Estado de pérdida Estado de daño No para préstamo Biblioteca de origen Biblioteca actual Ubicación en estantería Fecha de adquisición Fuente de adquisición Total de préstamos Signatura topográfica completa Código de barras Visto por última vez Precio de reemplazo Tipo de ítem Koha
        Biblioteca del Ateneo de Madrid Biblioteca del Ateneo de Madrid Depósito 2 17/01/2008     F-4023-24 1155155 23/02/2023 23/02/2023 Libro impreso